000 00434nam a2200145 i 4500
001 24291
003 ES-MaACL
005 20230906153024.0
007 t|
008 021217s1901 sp ||||1| spa d
100 1 _aAntich e Izaguirre, Francisco.
_921894
245 1 3 _aLa colaboración en los periódicos mercolanceros /
_cFrancisco Antich e Aguirre.
260 _aPalma de Mallorca :
_b[s.n.],
_c1901.
852 _aES-MaACL
_jT-1011-F-4
999 _c24291
_d24291